Kenya economic report 2018 : (Record no. 18067)
[ view plain ]
| 000 -LEADER | |
|---|---|
| fixed length control field | 00716cam a22002292 4500 |
| 001 - CONTROL NUMBER | |
| control field | 0000023866 |
| 003 - CONTROL NUMBER IDENTIFIER | |
| control field | OSt |
| 005 - DATE AND TIME OF LATEST TRANSACTION | |
| control field | 20191126130025.0 |
| 008 - FIXED-LENGTH DATA ELEMENTS--GENERAL INFORMATION | |
| fixed length control field | 130410s xx 000 0 eng d |
| 020 ## - INTERNATIONAL STANDARD BOOK NUMBER | |
| International Standard Book Number | 9966058812 |
| 040 ## - CATALOGING SOURCE | |
| Original cataloging agency | KABU |
| Transcribing agency | KABU |
| 050 ## - LIBRARY OF CONGRESS CALL NUMBER | |
| Classification number | HC865 |
| Item number | .K46 2018 c. 1 |
| 245 10 - TITLE STATEMENT | |
| Title | Kenya economic report 2018 : |
| Remainder of title | boosting investments for delivery of the Kenya vision 2030. |
| 250 ## - EDITION STATEMENT | |
| Edition statement | 1st ed. |
| 260 ## - PUBLICATION, DISTRIBUTION, ETC. (IMPRINT) | |
| Place of publication, distribution, etc. | Nairobi : |
| Name of publisher, distributor, etc. | KIPPRA, |
| Date of publication, distribution, etc. | 2018. |
| 300 ## - PHYSICAL DESCRIPTION | |
| Extent | xx, 175 p. |
| 651 #0 - SUBJECT ADDED ENTRY--GEOGRAPHIC NAME | |
| Geographic name | Kenya |
| General subdivision | Economics conditions |
| Chronological subdivision | 2012-2018 |
| 710 ## - ADDED ENTRY--CORPORATE NAME | |
| Corporate name or jurisdiction name as entry element | KIPPRA |
| 908 ## - PUT COMMAND PARAMETER (RLIN) | |
| Put command parameter | 130410 |
| 942 ## - ADDED ENTRY ELEMENTS (KOHA) | |
| Source of classification or shelving scheme | Library of Congress Classification |
| Koha item type | General Collection |
| Classification part | HC865 |
| Item part | .K46 2018 c. 1 |
| Withdrawn status | Lost status | Source of classification or shelving scheme | Not for loan | Home library | Current library | Date acquired | Total Checkouts | Full call number | Barcode | Checked out | Date last seen | Date last checked out | Copy number | Price effective from | Koha item type |
|---|---|---|---|---|---|---|---|---|---|---|---|---|---|---|---|
| Library of Congress Classification | Kabarak, Main Campus | Kabarak, Main Campus | 26/11/2019 | 1 | HC865 .K46 2018 c. 1 | 027197 | 28/09/2021 | 15/06/2021 | 15/06/2021 | c. 1 | 26/11/2019 | General Collection | |||
| Library of Congress Classification | Kabarak, Main Campus | Kabarak, Main Campus | 26/11/2019 | HC865 .K46 2018b c. 1 | 027209 | 02/08/2024 | c. 1 | 26/11/2019 | General Collection |